000 00568nam a2200181Ia 4500
008 151202s9999||||xx |||||||||||||| ||und||
082 _bPNVM-55657
100 _aभावे पु.भा.
245 _aचोरांचा बाजार.
260 _b"मेनका प्रकाशन,पुणे."
260 _c1980
300 _a232
600 _aभावे पु.भा.
630 _aचोरांचा बाजार.
700 _aभावे पु.भा.
730 _aचोरांचा बाजार.
942 _cBOOK
999 _c1322195
_d1322192